| 000 | 00543cam a2200217ua 4500 | ||
|---|---|---|---|
| 001 | 211 | ||
| 005 | 20260515113133.0 | ||
| 008 | 110324n ii |||gr||||Z||||||eng | ||
| 020 | _a81-7154-154-2 | ||
| 040 | _cMAIN | ||
| 082 | _a301.0954 | ||
| 245 | 1 |
_aRural sociology in India _cby A. R. Desai |
|
| 250 | _a5th. | ||
| 260 |
_aBombay: _bPopular prakashan, _c2000. |
||
| 300 |
_axx, 968p.: _c35cm. |
||
| 653 | _aSociology | ||
| 653 | _aRural sociology | ||
| 653 | _aRural sociology in India | ||
| 700 | 1 |
_aDesai, A. R., _eAuthor. |
|
| 942 | _cBK | ||
| 999 |
_c180 _d180 |
||